|
|
|
|
| LEADER |
00000nab a2200000 a 4500 |
| 001 |
vtls000278268 |
| 003 |
SK-MaSNL |
| 005 |
20260302215751.0 |
| 008 |
111130c1987 xo 0 slo |
| 015 |
|
|
|a SNBRB19rr/mm-uuuuu
|
| 035 |
|
|
|a CL0288386
|
| 040 |
|
|
|a SNKBUCL
|b slo
|c SNKBUCL
|e AACR2
|
| 041 |
0 |
|
|a slo
|
| 044 |
|
|
|a xo
|c SK
|
| 080 |
|
|
|a 631.115.6
|2 1981
|
| 100 |
1 |
|
|a Nagyová, Eva
|4 aut
|9 593419
|
| 245 |
1 |
0 |
|a Slnečné dni Ipeľskej kotliny
|c Eva Nagyová
|
| 650 |
0 |
7 |
|a JRD Balog nad Ipľom, Slovensko
|2 snkbucl
|9 944719
|
| 651 |
|
7 |
|a 5305
|2 snkbucl
|9 277892
|
| 655 |
|
7 |
|a články z novín a časopisov
|2 snkbucl
|9 267496
|
| 773 |
0 |
|
|t Roľnícke noviny
|g Roč. 42, č. 101 (1. 5. 1987), s. 3
|
| 850 |
|
|
|a Slovenská národná knižnica v Martine
|a MTA001
|
| 852 |
|
|
|a SNK
|b KIS3GCP
|
| 958 |
|
|
|a RK
|
| 992 |
|
|
|a RBX
|
| 999 |
|
|
|c 1503913
|d 1505843
|